|
|
|
|
| LEADER |
01010cam a2200289 7i4500 |
| 001 |
0000035397 |
| 005 |
20181010090000.0 |
| 007 |
##ta |
| 008 |
181010s2018 txua fodrs 001 0 eng d |
| 020 |
# |
# |
|a 9781628317695
|
| 040 |
# |
# |
|a MATR
|
| 090 |
0 |
0 |
|a I 004.0688
|b PLU
|
| 245 |
0 |
0 |
|a Plunkett's InfoTech Industry Almanac 2018 :
|b the only comprehensive guide to InfoTech companies & trends
|c editor and publisher, Jack W. Plunkett.
|
| 264 |
# |
1 |
|a Houston, Texas:
|b Plunkett Research, Ltd.,
|c 2018.
|
| 300 |
# |
# |
|a 641 pages:
|b illustrations;
|c 26 cm.
|
| 336 |
# |
# |
|a text
|2 rdacontent
|
| 337 |
# |
# |
|a unmediated
|2 rdamedia
|
| 338 |
# |
# |
|a volume
|2 rdacarrier
|
| 650 |
# |
0 |
|a Information services industry
|
| 650 |
# |
0 |
|a Information services industry
|
| 650 |
# |
0 |
|a Computer industry
|
| 650 |
# |
0 |
|a Computer industry
|
| 650 |
# |
0 |
|a Telecommunication
|
| 650 |
# |
0 |
|a Telecommunication
|
| 700 |
1 |
# |
|a Plunkett, Jack W.
|
| 710 |
2 |
# |
|a Plunkett Research, Ltd.
|
| 999 |
|
|
|a 0000040298
|b Book
|c International
|e Business Information Centre
|